| 000 | 00387 a2200169 4500 | ||
|---|---|---|---|
| 001 | 175565 | ||
| 020 | _a85-85466-45-6 | ||
| 040 | _cMagnum | ||
| 100 | _aSouza, Flavio de | ||
| 240 | 1 | 0 |
_aQue historia é essa ? _lpor |
| 245 | 1 | 0 | _aQue historia é essa ? |
| 300 | _a54 | ||
| 362 | 0 | _a1998 | |
| 440 | 1 | _aCompanhia das Letrinhas | |
| 697 | _aLITERATURA INFANTO-JUVENIL | ||
| 942 | _cBK | ||
| 999 |
_c175565 _d175565 |
||